| 000 | 00935nam a2200253 a 4500 | ||
|---|---|---|---|
| 003 | BLK | ||
| 005 | 20250725092516.0 | ||
| 008 | 221206b bul|||||r ||||||| ||bul|| | ||
| 020 | _a9789542846260 | ||
| 040 | _aBLK | ||
| 041 |
_aBUL _cBUL |
||
| 080 |
_aАнглийска литература _b821.111 _x-31 _z821.111-31 _9226869 |
||
| 084 | _aМ 19 | ||
| 100 |
_aМаккуистън, Кейси _9492197 |
||
| 245 | 1 | 0 |
_aЧервено, бяло и кралско синьо _cКейси Маккуистън; прев. Анелия Петрунова. |
| 260 |
_aСофия _bСиела Норма _c2024 _9217021 |
||
| 300 |
_a460 с. _c21 см |
||
| 380 | _aX | ||
| 700 | 1 |
_aПетрунова, Анелия Георгиева, 1977- _9110375 _eпрев. |
|
| 856 | 4 |
_qpdf _i0.00 _ldisable |
|
| 856 | 4 |
_qpdf _i0.00 _ldisable |
|
| 942 |
_cKNG _n0 _s1 _0127 |
||
| 999 |
_c508976 _d508976 |
||
| 944 |
_a30545 _cНора Радева _k30530 _lМинев Младен |
||